FLORA in peat swamp areas of Narathiwat
| Format: | Book |
|---|---|
| Published: |
(Bangkok) :
Phikul Thong Study Centre ,
1991
|
| Subjects: |
MARC
| LEADER | 00000cam a2200000 7i4500 | ||
|---|---|---|---|
| 001 | 0000001937 | ||
| 005 | 20020522.0 | ||
| 090 | 0 | 0 | |a 581.9593 |b FLO 1991 |
| 245 | 0 | 0 | |a FLORA in peat swamp areas of Narathiwat |
| 260 | 0 | 0 | |a (Bangkok) : |b Phikul Thong Study Centre , |c 1991 |
| 300 | |a [8], 368 p. [469] p. of plates : |b ill. (some col.) ; |c 27 cm. | ||
| 500 | 0 | 0 | |a Texts in Thai and English |
| 650 | 0 | 0 | |a Botany |z Thailand |z Narathiwat |
| 650 | 0 | 0 | |a Swamp flora |z Thailand |z Narathiwat |
| 998 | |a JPSM | ||
| 999 | |a 0000000703 |b Monograph |c Open Shelf |e Default branch | ||